ARRUPE JESUIT UNIVERSITY

CORONAVIRUS -STOP THE SPREAD - CLEAN,DISINFECT,COVER

Truth and justification / (Record no. 128173)

MARC details
000 -LEADER
fixed length control field 01251cam a22003014a 4500
001 - CONTROL NUMBER
control field 12936928
003 - CONTROL NUMBER IDENTIFIER
control field ARRUPE
005 - DATE AND TIME OF LATEST TRANSACTION
control field 20180914121045.0
008 - FIXED-LENGTH DATA ELEMENTS--GENERAL INFORMATION
fixed length control field 020919s2003 mau b 001 0 eng
010 ## - LIBRARY OF CONGRESS CONTROL NUMBER
LC control number 2002190859
020 ## - INTERNATIONAL STANDARD BOOK NUMBER
International Standard Book Number 0262083183 (hc : alk. paper)
040 ## - CATALOGING SOURCE
Original cataloging agency DLC
Transcribing agency DLC
Modifying agency DLC
041 1# - LANGUAGE CODE
Language code of text/sound track or separate title eng
Language code of original and/or intermediate translations of text ger
042 ## - AUTHENTICATION CODE
Authentication code pcc
050 00 - LIBRARY OF CONGRESS CALL NUMBER
Classification number B3258.H323
Item number W3413 2017
082 00 - DEWEY DECIMAL CLASSIFICATION NUMBER
Classification number 100
Edition number 21
300 ## - PHYSICAL DESCRIPTION
Dimensions 24 cm.
100 1# - MAIN ENTRY--PERSONAL NAME
Personal name Habermas, Jürgen.
9 (RLIN) 42215
245 10 - TITLE STATEMENT
Title Truth and justification /
Statement of responsibility, etc Jürgen Habermas ; edited and with translations by Barbara Fultner.
260 ## - PUBLICATION, DISTRIBUTION, ETC. (IMPRINT)
Place of publication, distribution, etc Cambridge, Mass. :
Name of publisher, distributor, etc Polity Press,
Date of publication, distribution, etc c2017.
300 ## - PHYSICAL DESCRIPTION
Extent xxii, 327 p. ;
440 #0 - SERIES STATEMENT/ADDED ENTRY--TITLE
Title Studies in contemporary German social thought
9 (RLIN) 42216
504 ## - BIBLIOGRAPHY, ETC. NOTE
Bibliography, etc Includes bibliographical references (p. [293]-319) and index.
650 #0 - SUBJECT ADDED ENTRY--TOPICAL TERM
Topical term or geographic name as entry element Philosophy.
9 (RLIN) 42217
700 1# - ADDED ENTRY--PERSONAL NAME
Personal name Fultner, Barbara.
9 (RLIN) 42218
906 ## - LOCAL DATA ELEMENT F, LDF (RLIN)
a 7
b cbc
c orignew
d 1
e ocip
f 20
g y-gencatlg
942 ## - ADDED ENTRY ELEMENTS (KOHA)
Source of classification or shelving scheme Library of Congress Classification
Koha item type Monograph ( Printed materials)
Holdings
Withdrawn status Lost status Source of classification or shelving scheme Damaged status Not for loan Collection code Home library Current library Shelving location Date acquired Total Checkouts Full call number Barcode Date last seen Price effective from Koha item type Copy number
    Library of Congress Classification     Main Collection ARRUPE LIBRARY ARRUPE LIBRARY Main Collection 14/09/2018   B3258.H323 W3413 2017 46600002051 14/09/2018 14/09/2018 Monograph ( Printed materials)  
    Library of Congress Classification       ARRUPE LIBRARY ARRUPE LIBRARY   08/10/2020   B3258.H323 W3413 2017 46600008352 08/10/2020 08/10/2020 Monograph ( Printed materials) 2

 

Arrupe Library. PO Box MP320 Mt Pleasant, Harare, Zimbabwe
263 242 745411|librarian@aju.ac.zw